Introduction to human factors and ergonomics for engineers: (Record no. 7854)

MARC details
000 -LEADER
fixed length control field 01345cam a2200373 i 4500
001 - CONTROL NUMBER
control field 17530812
003 - CONTROL NUMBER IDENTIFIER
control field .
005 - DATE AND TIME OF LATEST TRANSACTION
control field 20260105112418.0
008 - FIXED-LENGTH DATA ELEMENTS--GENERAL INFORMATION
fixed length control field 121115t20132013fluaf b 001 0 eng
010 ## - LIBRARY OF CONGRESS CONTROL NUMBER
LC control number 2012035815
020 ## - INTERNATIONAL STANDARD BOOK NUMBER
International Standard Book Number 9781439853948
Qualifying information hardback : alk. paper
035 ## - SYSTEM CONTROL NUMBER
System control number 17530812
040 ## - CATALOGING SOURCE
Original cataloging agency DLC
Language of cataloging eng
Transcribing agency DLC
Description conventions rda
Modifying agency DLC
042 ## - AUTHENTICATION CODE
Authentication code pcc
050 00 - LIBRARY OF CONGRESS CALL NUMBER
Classification number T59.7
Item number .L44 2013
082 00 - DEWEY DECIMAL CLASSIFICATION NUMBER
Classification number 620.82   L523i   2013
100 1# - MAIN ENTRY--PERSONAL NAME
Personal name Lehto, Mark R.,
245 10 - TITLE STATEMENT
Title Introduction to human factors and ergonomics for engineers:
Statement of responsibility, etc. /
Remainder of title Mark Lehto, Steven J. Landry.
250 ## - EDITION STATEMENT
Edition statement Second edition.
260 ## - PUBLICATION, DISTRIBUTION, ETC.
Name of publisher, distributor, etc. CRC Press, Taylor & Francis Group, Boca Raton, 2013
264 #1 - PRODUCTION, PUBLICATION, DISTRIBUTION, MANUFACTURE, AND COPYRIGHT NOTICE
Place of production, publication, distribution, manufacture Boca Raton ;
Name of producer, publisher, distributor, manufacturer CRC Press, Taylor & Francis Group,
Date of production, publication, distribution, manufacture, or copyright notice [2013]
264 #4 - PRODUCTION, PUBLICATION, DISTRIBUTION, MANUFACTURE, AND COPYRIGHT NOTICE
Date of production, publication, distribution, manufacture, or copyright notice ©2013
300 ## - PHYSICAL DESCRIPTION
Extent 770 p
Dimensions 27 cm.
336 ## - CONTENT TYPE
Content type term text
Source rdacontent
337 ## - MEDIA TYPE
Media type term unmediated
Source rdamedia
338 ## - CARRIER TYPE
Carrier type term volume
Source rdacarrier
490 0# - SERIES STATEMENT
Series statement Human factors and ergonomics
504 ## - BIBLIOGRAPHY, ETC. NOTE
Bibliography, etc. note Includes bibliographical references (pages 723-754) and index.
650 #0 - SUBJECT ADDED ENTRY--TOPICAL TERM
Topical term or geographic name entry element Human engineering.
Geographic subdivision Ergonomics | Ergonomie | Human engineering | ergonomics
700 1# - ADDED ENTRY--PERSONAL NAME
Personal name Landry, Steven J.
906 ## - LOCAL DATA ELEMENT F, LDF (RLIN)
a 7
b cbc
c orignew
d 1
e ecip
f 20
g y-gencatlg
942 ## - ADDED ENTRY ELEMENTS (KOHA)
Source of classification or shelving scheme Dewey Decimal Classification
Koha item type English Book
Suppress in OPAC No
Holdings
Withdrawn status Lost status Source of classification or shelving scheme Damaged status Not for loan Home library Current library Date acquired Total Checkouts Full call number Barcode Date last seen Price effective from Koha item type
    Dewey Decimal Classification     KHOBAR KHOBAR 07/27/2025   620.82   L523i   2013 1000000034982 07/27/2025 07/27/2025 English Book
    Dewey Decimal Classification     KHOBAR KHOBAR 07/27/2025   620.82   L523i   2013 1000000034981 07/27/2025 07/27/2025 English Book